Statistiche per Maggior numero di Podi con la stessa Scuderia in Formula 1

Clicka qui per fare il quiz!

Statistiche generali

  • Questo quiz è stato fatto 10 volte
  • Il punteggio medio è 8 su 10

Statistiche sulle risposte

NazioneScuderiaPodi con la stessa scuderiaNazione% Corretto
Regno UnitoMercedes147Lewis Hamilton
100%
GermaniaFerrari116Michael Schumacher
100%
Paesi BassiRed Bull94Max Verstappen
86%
GermaniaRed Bull65Sebastian Vettel
86%
GermaniaFerrari55Sebastian Vettel
86%
BrasileMcLaren55Ayrton Senna
71%
FinlandiaMercedes58Valtteri Bottas
71%
FranciaMcLaren63Alain Prost
57%
GermaniaMercedes55Nico Rosberg
57%
BrasileFerrari55Rubens Barrichello
43%

Distribuzione punteggi

Percentile per numero di risposta

Percentuale di utenti per punteggio

I tuoi punteggi nel tempo

Non hai fatto questo quiz